000 00731nam a2200289Ia 4500
005 20260324135040.0
008 008 260324s9999 xx 000 0 eng d
020 _a9780203166826
037 _aEBOOK
040 _aCRL
040 _beng
040 _cCRL
041 _2eng
041 _aeng
084 _qCRL
100 _aBernhard Ebbinghaus; Philip Manow
_91199141
245 0 _aComparing Welfare Capitalism
245 0 _bSocial Policy and Political Economy in Europe, Japan and the USA
260 _bTaylor and Francis
260 _c2001
365 _a
365 _b230
856 _uhttp://www.taylorfrancis.com/books/9780203166826
942 _cEBOOK
999 _c1799830
_d1799830